000 00790cam a2200229 i 4500
008 151006s2016 paua b 001 0 eng
020 _a9780323355162 (paperback)
050 0 0 _aRC86.9
_b.M37 2016
082 0 0 _a616.02/5076
100 _aMarkovchuk Vincent J
245 0 0 _aEmergency medicine secrets /
_c[edited by] Vincent J. Markovchick, Peter T. Pons, Katherine M. Bakes, Jennie A. Buchanan.
250 _aSixth edition.
260 _aPhiladelpia
_bElsevier Ltd
_c2016
300 _axxi, 729 pages :
_billustrations ;
650 1 2 _aEmergencies
_vExamination Questions.
650 1 2 _aEmergency Medicine
_vExamination Questions.
700 1 _aMarkovchick, Vincent J.,
700 1 _aPons, Peter T.,
700 1 _aBakes, Katherine M.,
700 1 _aBuchanan, Jennie A.,
942 _cBK
999 _c2372
_d2372